Escuela y comunidad: un problema de sentido
Furkejuvvon:
| Váldodahkkit: | , , |
|---|---|
| Materiálatiipa: | Girji |
| Giella: | espánnjágiella |
| Almmustuhtton: |
Bogotá
Universidad Pedagógica Nacional
1983
|
| Fáttát: | |
| Fáddágilkorat: |
Lasit fáddágilkoriid
Eai fáddágilkorat, Lasit vuosttaš fáddágilkora!
|
MARC
| LEADER | 00000nam a2200000 a 4500 | ||
|---|---|---|---|
| 001 | UCY8086 | ||
| 003 | CL-VaPUC | ||
| 008 | 950623e19830900CK |||||||||||||||||spa|d | ||
| 082 | 0 | 4 | |a 306.43 |b TEZ |2 21 |
| 100 | 0 | |a Tezanos, Araceli de |e author |9 339196 | |
| 700 | 0 | |a Muñoz, Guillermo |e author |9 339197 | |
| 700 | 0 | |a Romero, Emiliano |e author |9 339198 | |
| 245 | 1 | 0 | |a Escuela y comunidad: un problema de sentido |
| 300 | |a 240 p | ||
| 942 | |c BK | ||
| 945 | |d 19950623 00:00:00 |a cmena | ||
| 260 | |a Bogotá |b Universidad Pedagógica Nacional |c 1983 | ||
| 650 | 0 | |a Investigación educacional |9 261192 | |
| 650 | 0 | |a Etnografía |9 309735 | |
| 650 | 7 | |a INVESTIGACION DE CAMPO |2 CL-VaPUC |9 335943 | |
| 650 | 7 | |a TRABAJO DE INVESTIGACION |2 CL-VaPUC |9 334804 | |
| 650 | 0 | |a Métodos de investigación |9 262618 | |
| 650 | 0 | |a Problemas sociales |9 258537 | |
| 650 | 0 | |a Sistemas educacionales |9 324695 | |
| 650 | 0 | |a Sociología de la educación |9 260380 | |
| 650 | 0 | |a Relación escuela- comunidad |9 338811 | |
| 651 | 0 | |a Colombia |9 256424 | |
| 583 | |a last modification |c 19950623 00:00:00 |k Rodrigo Vera | ||
| 999 | |c 235366 |d 235364 | ||
| 952 | |0 0 |1 0 |4 0 |6 306_430000000000000_TEZ_1983 |7 0 |8 P |9 242737 |a BIBEDU |b BIBEDU |c BIBEDU_PB |d 2019-11-18 |i 1522442 |o 306.43 TEZ 1983 |p 1522442 |r 2024-01-25 |w 2019-11-18 |y BK |k EDU | ||